000 00811nam a2200253 a 4500
001 adlib96000001
003 ViArRB
005 200902210153555.7
008 960221s1955 dcuabcdjdbkoqu001 0deng d
020 _a0-931403-00-6
022 _a
040 _aAdlib
082 _a620.179.1(035)
245 _aNondestructive testing handbook; v.3: Radiography and radiation testing
250 _a2nd ed.
260 _aColumbus
_bAmerican Socety for Metals
_c1982
300 _axxiii, 901p.
_c
500 _a
100 _aBryant, Lawrence E.
_eTechnical editor
700 _aMclntire, Paul
_a
942 _cBK
653 _aradiography
_aradiation testing
_amaterials testing
952 _w2010-06-16
_pG0004581
_r2010-06-16
_40
_00
_bUL
_10
_o620.179.1(035) NON.3 R
_d2010-06-16
_70
_yBK
_aUL
999 _c18618
_d18617